Microfiber for biomedical application /
Saved in:
| Main Author: | |
|---|---|
| Format: | Thesis Book |
| Language: | English |
| Published: |
2014
|
| Subjects: | |
| Tags: |
Add Tag
No Tags, Be the first to tag this record!
|
| LEADER | 01005cam a2200289 i 4500 | ||
|---|---|---|---|
| 001 | u1008603 | ||
| 003 | SIRSI | ||
| 005 | 201501080926 | ||
| 008 | 150108s2014 my a t 000 0 eng m | ||
| 040 | |a UMM |e rda | ||
| 090 | |a Q180 |b UM 2014 Ira | ||
| 100 | 1 | |a Irawati, Ninik, |e author. | |
| 245 | 1 | 0 | |a Microfiber for biomedical application / |c Ninik Irawati. |
| 264 | 1 | |c 2014 | |
| 264 | 4 | |c 2014 | |
| 300 | |a xii, 66 leaves : |b illustrations ; |c 30 cm. | ||
| 336 | |a text |2 rdacontent | ||
| 337 | |a unmediated |2 rdamedia | ||
| 338 | |a volume |2 rdacarrier | ||
| 502 | |b M.Phil. |c Institut Pengajian Siswazah, Universiti Malaya |d 2014. | ||
| 504 | |a Bibliography: leaves 59-66. | ||
| 650 | 0 | |a Optical fibers in biochemistry. | |
| 650 | 0 | |a Optical fibers in medicine. | |
| 710 | 2 | |a Universiti Malaya. |b Institut Pengajian Siswazah, |e degree granting institution. | |
| 900 | |a ATAH-ZA | ||
| 596 | |a 1 | ||
| 999 | |a Q180 UM 2014 IRA |w LC |c 1 |i A516077947 |d 27/10/2015 |f 27/10/2015 |g 1 |l STACKS |m P01UTAMA |r Y |s Y |t TESIS |u 22/10/2015 |1 STEM | ||
